MARC

LEADER 00000nlm0a2200000 4500
001 271294
005 20231101234425.0
010 |a 9785769584978 
035 |a (RuTPU)RU\TPU\book\294475 
090 |a 271294 
100 |a 20141006d2013 m y0rusy50 ca 
101 0 |a rus 
102 |a RU 
105 |a y j 000zy 
135 |a vocna---uucaa 
181 0 |a i  
182 0 |a b 
200 1 |a Электрические машины  |b Электронный ресурс  |e учебник в электронном формате  |f В. Я. Беспалов, Н. Ф. Котеленец 
203 |a Текст  |c электронный 
205 |a 4-е изд., перераб. и доп. 
210 |a Москва  |c Академия  |d 2013 
215 |a 1 Мультимедиа CD-ROM 
225 1 |a Высшее профессиональное образование. Бакалавриат 
225 1 |a Электротехника 
230 |a Мультимедиа ресурсы (10 директорий; 100 файлов; 740MB) 
333 |a Режим доступа: из корпоративной сети ТПУ 
337 |a Pentium 100 MHz, 16 Mb RAM, Windows 95/98/NT/2000, CDROM, SVGA, звуковая карта, Internet Explorer 5.0 и выше 
452 1 |0 (RuTPU)RU\TPU\book\255134  |y 978-5-7695-8497-8  |t Электрические машины  |o учебник  |f В. Я. Беспалов, Н. Ф. Котеленец  |e 4-е изд., перераб. и доп.  |c Москва  |n Академия  |d 2013  |p 320 с.  |s Бакалавриат  |a Беспалов, Виктор Яковлевич 
606 1 |a Электрические машины  |2 stltpush  |3 (RuTPU)RU\TPU\subj\27074  |9 50877 
610 1 |a трансформаторы 
610 1 |a физические процессы 
610 1 |a трехфазные трансформаторы 
610 1 |a энергетические системы 
610 1 |a переходные процессы 
610 1 |a асинхронные двигатели 
610 1 |a машины переменного тока 
610 1 |a обмотки 
610 1 |a синхронные машины 
610 1 |a синхронные генераторы 
610 1 |a машины постоянного тока 
610 1 |a генераторы постоянного тока 
610 1 |a двигатели постоянного тока 
610 1 |a учебники 
610 1 |a CD-ROM 
675 |a 621.313(075.8)  |v 3 
700 1 |a Беспалов  |b В. Я.  |g Виктор Яковлевич 
701 1 |a Котеленец  |b Н. Ф.  |g Николай Федорович 
801 1 |a RU  |b 63413507  |c 20141006 
801 2 |a RU  |b 63413507  |c 20221209  |g RCR 
856 4 |u http://www.lib.tpu.ru/fulltext2/m/2014/FN/fn-122.pdf 
900 |a Электрические машины 
900 |a Электротехника 
942 |c CF